El hospedaje y sus problemas (Record no. 60613)

MARC details
000 -LEADER
campo de control de longitud fija 00589nam a2200169 i 4500
001 - NÚMERO DE CONTROL
campo de control 60613
003 - IDENTIFICADOR DE NÚMERO DE CONTROL
campo de control ES-MaACL
005 - FECHA Y HORA DE LA ÚLTIMA TRANSACCIÓN
campo de control 20230906164254.0
007 - CAMPO FIJO DE DESCRIPCIÓN FÍSICA--INFORMACIÓN GENERAL
campo de control de longitud fija t|
008 - DATOS DE LONGITUD FIJA--INFORMACIÓN GENERAL
campo de control de longitud fija 031105s1958 sp ||||1| spa d
100 1# - ENTRADA PRINCIPAL--NOMBRE DE PERSONA
Nombre de persona Estefani y Robles, Enrique G.
9 (RLIN) 48090
245 13 - MENCIÓN DEL TÍTULO
Título El hospedaje y sus problemas
Resto del título : comentarios a la Regalmentación de 14 de junio de 1957 /
Mención de responsabilidad, etc. Enrique G. Estefani y Robles y José Visedo López.
260 ## - PUBLICACIÓN, DISTRIBUCIÓN, ETC.
Lugar de publicación, distribución, etc. Madrid :
Nombre del editor, distribuidor, etc. [s.n.,
Fecha de publicación, distribución, etc. 1958] (
Fabricante Gráf. Expres)
300 ## - DESCRIPCIÓN FÍSICA
Extensión 237 p. ;
Dimensiones 17 cm.
700 1# - ENTRADA AGREGADA--NOMBRE PERSONAL
Nombre de persona Visedo López, José.
9 (RLIN) 115483
852 ## - LOCALIZACIÓN
Ubicación ES-MaACL
Número de control de estantería C-15219
Sublocalización o colección R.42504
Holdings
Estatus retirado Estado de pérdida Estado de daño No para préstamo Biblioteca de origen Biblioteca actual Ubicación en estantería Fecha de adquisición Fuente de adquisición Total de préstamos Signatura topográfica completa Código de barras Visto por última vez Precio de reemplazo Tipo de ítem Koha
        Biblioteca del Ateneo de Madrid Biblioteca del Ateneo de Madrid Ficheros 17/01/2008     C-15219 1063570 23/02/2023 23/02/2023 Libro impreso